Propositions de Drapeaux Rejetées - Statistiques

Statistiques générales
  • Ce quiz a été pris 15 221 fois
  • Le résultat moyen est 9 sur 16
Statistiques - réponses
Par images Hint Réponse % Correct
Océanie Australie
92%
Europe Royaume-Uni
90%
Océanie Nouvelle-Zélande
86%
Afrique Nigeria
81%
Amérique du Sud Bolivie
71%
Asie Philippines
70%
Asie Inde
68%
Europe Bosnie-Herzégovine
65%
Asie Kirghizistan
65%
Asie Kazakhstan
59%
Amérique du Nord Mexique
54%
Europe Monténégro
49%
Europe Luxembourg
42%
Afrique Afrique du Sud
26%
Asie Chypre
13%
Afrique Togo
8%
Aucun quiz correspondant
Distribution des résultats
% des personnes avec chaque résultat
Percentile par nombre de réponses
Votre historique - résultats
Vous n’avez pas pris ce quiz